| 000 | 00363cam a2200145ua 4500 | ||
|---|---|---|---|
| 041 |
_aeng _h |
||
| 082 |
_a828.09 _bRIC/PR |
||
| 100 | _aRichards, I A . | ||
| 245 |
_aPractical criticism / _cI A Richards. _hTextual Documents |
||
| 260 |
_aLondon : _bRoutledge & Kegan Paul Ltd , _c1964. |
||
| 300 | _a364 ; . | ||
| 504 | _a | ||
| 942 | _cBK | ||
| 999 |
_c5355 _d5355 |
||